Statistics for Romen Rakamlarıyla Sayım - 30 Saniye Sprint

Click here to take the quiz!

General Stats

  • This quiz has been taken 1 342 times
  • The average score is 12 of 50

Answer Stats

#% Correct
I
99%
II
98%
III
97%
IV
92%
V
91%
VI
89%
VII
86%
VIII
83%
IX
64%
X
64%
XI
61%
XII
56%
XIII
52%
XIV
33%
XV
29%
XVI
25%
XVII
22%
XVIII
18%
XIX
11%
XX
10%
XXI
7%
XXII
6%
XXIII
4%
XXIV
4%
XXV
3%
XXVI
2%
XXIX
1%
XXVII
1%
XXVIII
1%
XXX
1%
L
0%
XL
0%
XLI
0%
XLII
0%
XLIII
0%
XLIV
0%
XLIX
0%
XLV
0%
XLVI
0%
XLVII
0%
XLVIII
0%
XXXI
0%
XXXII
0%
XXXIII
0%
XXXIV
0%
XXXIX
0%
XXXV
0%
XXXVI
0%
XXXVII
0%
XXXVIII
0%

Score Distribution

Percentile by Number Answered

Percent of People with Each Score

Your Score History

You have not taken this quiz